[Event "Kuala Lumpur Merdeka rapid op"]
[Site "Kuala Lumpur"]
[Date "2019.09.01"]
[Round "6"]
[White "Lai, Hong Jr"]
[Black "Sivanesan, Subramanian"]
[Result "0-1"]
[WhiteElo "1413"]
[BlackElo "1769"]
[PlyCount "114"]
[EventDate "2019.09.01"]
[EventType "swiss (rapid)"]
[EventRounds "7"]
[EventCountry "MAS"]
[SourceTitle "EXT 2020"]
[Source "ChessBase"]
[SourceDate "2019.10.17"]
[SourceVersion "1"]
[SourceVersionDate "2019.10.17"]
[SourceQuality "1"]

1. d4 Nf6 2. c4 e6 3. Nc3 Bb4 4. Qc2 0-0 5. a3 Bxc3+ 6. Qxc3 b5 7. cxb5 c6 8. Bg5 cxb5 9. Bxf6 Qxf6 10. e3 Bb7 11. f3 a6 12. Bd3 Qh4+ 13. g3 Qf6 14. Ke2 Rc8 15. Qd2 Nc6 16. Be4 d5 17. Bd3 e5 18. dxe5 Nxe5 19. f4 Nxd3 20. Qxd3 Qxb2+ 21. Kf3 Qxa1 22. Kg2 Qc3 23. Qe2 Qc2 24. Kf2 d4 25. e4 Qxe4 26. Nf3 Qxf3+ 27. Qxf3 Bxf3 28. Kxf3 Re8 29. Rd1 Rad8 30. g4 d3 31. Rd2 a5 32. h4 b4 33. axb4 axb4 34. h5 h6 35. g5 hxg5 36. fxg5 b3 37. g6 fxg6 38. hxg6 b2 39. Rd1 d2 40. Kg4 b1Q 41. Rxb1 Re1 42. Rb7 d1Q+ 43. Kg5 Qd5+ 44. Kh4 Rh1+ 45. Kg3 Rg1+ 46. Kf2 Qg2+ 47. Ke3 Re1+ 48. Kf4 Rf8+ 49. Rf7 Qe4+ 50. Kg3 Qxg6+ 51. Kf2 Rxf7+ 52. Kxe1 Rd7 53. Ke2 Qe4+ 54. Kf2 Rd3 55. Kf1 Qf3+ 56. Kg1 Rd1+ 57. Kh2 Rh1# 0-1

[Event "Eastern Asia-ch U10 4th"]
[Site "Bangkok"]
[Date "2019.08.05"]
[Round "5.1"]
[White "Lai, Hong Jr"]
[Black "Buto, Al Basher"]
[Result "1/2-1/2"]
[WhiteElo "1504"]
[BlackElo "1396"]
[PlyCount "47"]
[EventDate "2019.08.02"]
[EventType "swiss"]
[EventRounds "9"]
[EventCountry "THA"]
[SourceTitle "EXT 2024"]
[Source "ChessBase"]
[SourceDate "2023.10.10"]
[SourceVersion "1"]
[SourceVersionDate "2023.10.10"]
[SourceQuality "1"]

1. d4 Nf6 2. c4 e5 3. dxe5 Ng4 4. Bf4 g5 5. Bg3 Bg7 6. Nf3 Nc6 7. Nc3 Ngxe5 8. Nxe5 Nxe5 9. Bxe5 Bxe5 10. e3 d6 11. Be2 Bf5 12. Bd3 Bg6 13. Bxg6 hxg6 14. h3 Qd7 15. Qf3 0-0-0 16. g4 f5 17. gxf5 gxf5 18. Ke2 Rh4 19. Kd3 f4 20. Rag1 Bxc3 21. bxc3 Qf5+ 22. e4 Qe5 23. Rg4 Rdh8 24. Qg2 1/2-1/2

[Event "Penang op-B 9th"]
[Site "Penang"]
[Date "2017.12.07"]
[Round "6"]
[White "Handayani, Tri"]
[Black "Lai, Hong Jr"]
[Result "1-0"]
[WhiteElo "1938"]
[BlackElo "1347"]
[PlyCount "49"]
[EventDate "2017.12.04"]
[EventType "swiss"]
[EventRounds "9"]
[EventCountry "MAS"]
[SourceTitle "CBM 182 Extra"]
[Source "ChessBase"]
[SourceDate "2018.02.23"]
[SourceVersion "1"]
[SourceVersionDate "2018.02.23"]
[SourceQuality "1"]

1. e4 c6 2. f4 d5 3. e5 Bf5 4. Nf3 e6 5. d4 Nd7 6. Bd3 Bxd3 7. Qxd3 Ne7 8. 0-0 Rc8 9. b3 Qc7 10. c4 c5 11. Nc3 a6 12. Bb2 cxd4 13. Nxd4 dxc4 14. bxc4 Qxc4 15. Qd2 Nc6 16. Ne4 Nxd4 17. Bxd4 Qd5 18. Qe3 Be7 19. Rfd1 Qa5 20. Nd6+ Bxd6 21. exd6 Rg8 22. Qe4 Qf5 23. Qxb7 Rd8 24. Bb6 Nxb6 25. Qe7# 1-0